| 000 | 00444nam a2200157Ia 4500 | ||
|---|---|---|---|
| 008 | 210210b1980 xxu||||| |||| 00| 0 eng d | ||
| 082 | _a576 BILR | ||
| 100 | _aBILGRAMI (K S) | ||
| 245 | _aRecent advances in the biology of micro-organisms: part I. | ||
| 260 |
_aDehra Dun _bBishen Singh Mahendra Pal Singh _c1980 |
||
| 300 | _aix,344 | ||
| 650 | _aMicro Organisms | ||
| 690 | _aMicrobiology | ||
| 700 | _aVYAS (K M). Ed. | ||
| 906 | _a060641 | ||
| 999 |
_c107518 _d107518 |
||